[Event "WJCC U20 Open 2019"]
[Site "New Delhi"]
[Date "2019.10.25"]
[Round "11.27"]
[White "Aronyak Ghosh"]
[Black "Doluweera, Minul Sanjula"]
[Result "1/2-1/2"]
[WhiteElo "2380"]
[BlackElo "2191"]
[Annotator "RC"]
[PlyCount "94"]
[EventDate "2019.10.15"]
[EventType "swiss"]
[EventCountry "IND"]
[SourceTitle "playchess.com"]
[Source "ChessBase"]
[SourceQuality "1"]
[TimeControl "40/5400+30:1800+30"]

1. c4 e6 2. Nc3 {[%emt 0:00:00]} d5 {[%emt 0:01:02]} 3. e3 Nf6 {[%emt 0:00:30]} 4. Nf3 {[%emt 0:00:48]} c5 {[%emt 0:02:39]} 5. cxd5 {[%emt 0:00:14]} exd5 {[%emt 0:00:02]} 6. d4 {[%emt 0:00:09]} cxd4 {[%emt 0:00:09]} 7. Nxd4 {[%emt 0:00:52]} a6 {[%emt 0:00:15]} 8. Be2 {[%emt 0:02:55]} Nc6 {[%emt 0:00:23]} 9. O-O {[%emt 0:00:46]} Bc5 {[%emt 0:00:34]} 10. Nxc6 {[%emt 0:02:45]} bxc6 {[%emt 0:00:48]} 11. Qc2 {[%emt 0:00:05]} Ba7 {[%emt 0:05:43]} 12. Rd1 {[%emt 0:06:16]} O-O {[%emt 0:02:28]} 13. b3 {[%emt 0:06:25]} Qd6 {[%emt 0:02:05]} 14. Ne4 {[%emt 0:05:27]} Nxe4 {[%emt 0:05:33]} 15. Qxe4 {[%emt 0:00:07]} Qf6 {[%emt 0:00:16]} 16. Qb1 {[%emt 0:00:37]} d4 {[%emt 0:00:07]} 17. Bb2 {[%emt 0:03:00]} c5 {[%emt 0:00:52]} 18. Qe4 {[%emt 0:12:13]} Bf5 {[%emt 0:11:56]} 19. Qf3 {[%emt 0:00:07]} Qe5 {[%emt 0:01:32]} 20. Bd3 {[%emt 0:04:16]} Bxd3 {[%emt 0:18:12]} 21. Rxd3 {[%emt 0:00:38]} Rad8 {[%emt 0:00:48]} 22. Rad1 {[%emt 0:03:04]} Rd6 {[%emt 0:06:20]} 23. Qb7 {[%emt 0:03:53]} Bb6 {[%emt 0:09:14]} 24. g3 {[%emt 0:04:56]} Rfd8 {[%emt 0:01:37]} 25. Qxa6 {[%emt 0:03:53]} Qe4 {[%emt 0:04:27]} 26. Qc4 {[%emt 0:05:47]} h5 {[%emt 0:00:06]} 27. h4 {[%emt 0:03:09]} Qf5 {[%emt 0:12:29]} 28. exd4 {[%emt 0:02:52]} cxd4 {[%emt 0:00:01]} 29. Bxd4 {[%emt 0:01:50]} Qe4 {[%emt 0:04:01]} 30. Bxb6 {[%emt 0:00:31]} Qxc4 {[%emt 0:00:10]} 31. bxc4 {[%emt 0:01:13]} Rxd3 {[%emt 0:00:27]} 32. Rxd3 {[%emt 0:00:03]} Rxd3 {[%emt 0:00:02]} 33. a4 {[%emt 0:00:00]} Kf8 {[%emt 0:02:20]} 34. c5 {[%emt 0:01:40]} Rc3 {[%emt 0:01:07]} 35. a5 {[%emt 0:00:07]} Ke8 {[%emt 0:00:12]} 36. a6 {[%emt 0:00:05]} Kd7 {[%emt 0:00:25]} 37. a7 {[%emt 0:00:19]} Ra3 {[%emt 0:00:04]} 38. Kf1 {[%emt 0:01:32]} Ra2 {[%emt 0:01:21]} 39. Ke1 {[%emt 0:00:05]} Kc6 {[%emt 0:00:30]} 40. Kd1 {[%emt 0:00:09]} Kb7 {[%emt 0:01:43]} 41. Kc1 {[%emt 0:30:05]} Kc6 {[%emt 0:30:13]} 42. Kb1 {[%emt 0:00:03]} Ra6 {[%emt 0:00:00]} 43. Kb2 {[%emt 0:00:00]} g6 {[%emt 0:00:00]} 44. Kc2 {[%emt 0:00:00]} f5 {[%emt 0:00:00]} 45. Kd3 {[%emt 0:00:00]} Ra4 {[%emt 0:00:00]} 46. Kc3 {[%emt 0:00:00]} Kb5 {[%emt 0:00:00]} 47. Kb3 {[%emt 0:00:00]} Ra1 {[%emt 0:00:00]} 1/2-1/2

[Event "WJCC U20 Open 2019"]
[Site "New Delhi"]
[Date "2019.10.25"]
[Round "11.28"]
[White "Wagh Suyog"]
[Black "Sankalp Gupta"]
[Result "1/2-1/2"]
[WhiteElo "2229"]
[BlackElo "2369"]
[Annotator "RC"]
[PlyCount "39"]
[EventDate "2019.10.15"]
[EventType "swiss"]
[EventCountry "IND"]
[SourceTitle "playchess.com"]
[Source "ChessBase"]
[SourceQuality "1"]

1. Nf3 Nf6 2. g3 b5 3. Bg2 Bb7 4. Na3 a6 5. c4 b4 6. Nc2 a5 7. O-O e6 8. d4 Be7 9. d5 exd5 10. Nh4 O-O 11. cxd5 Bc5 12. d6 Bxg2 13. dxc7 Qxc7 14. Nxg2 Qe5 15. Nce1 Ba7 16. Nd3 Qh5 17. Ndf4 Qe5 18. Nd3 Qh5 19. Ndf4 Qe5 20. Nd3 1/2-1/2

[Event "WJCC U20 Open 2019"]
[Site "New Delhi"]
[Date "2019.10.25"]
[Round "11.29"]
[White "Anuj Shrivatri"]
[Black "Donoso Diaz, Sebastian"]
[Result "1-0"]
[WhiteElo "2390"]
[BlackElo "2203"]
[Annotator "TA"]
[PlyCount "63"]
[EventDate "2019.10.15"]
[EventType "swiss"]
[EventCountry "IND"]
[SourceTitle "playchess.com"]
[Source "ChessBase"]
[SourceQuality "1"]

1. d4 d5 2. Nf3 Bg4 3. Ne5 Bf5 4. c4 dxc4 5. Nc3 Nd7 6. Nxc4 Ngf6 7. g3 Nb6 8. Ne5 e6 9. Bg2 Rb8 10. e4 Bg6 11. Be3 Bb4 12. O-O O-O 13. Nxg6 hxg6 14. Qe2 Bxc3 15. bxc3 Qd7 16. Rab1 Qc6 17. Qd3 Rfd8 18. Bg5 e5 19. f4 exd4 20. e5 Qc5 21. Qb5 Qxc3 22. exf6 d3 23. Qe5 Qa3 24. fxg7 Re8 25. Qd4 Re2 26. Bf3 c5 27. Qd6 Rbe8 28. Bh6 R2e7 29. f5 gxf5 30. Rb3 Qa6 31. Rxd3 Kh7 32. Qxe7 1-0

[Event "WJCC U20 Open 2019"]
[Site "New Delhi"]
[Date "2019.10.25"]
[Round "11.30"]
[White "Neelash Saha"]
[Black "Winkelman, Albert"]
[Result "0-1"]
[WhiteElo "2334"]
[BlackElo "2143"]
[Annotator "RC"]
[PlyCount "94"]
[EventDate "2019.10.15"]
[EventType "swiss"]
[EventCountry "IND"]
[SourceTitle "playchess.com"]
[Source "ChessBase"]
[SourceQuality "1"]

1. d4 d5 2. Bg5 Nf6 3. e3 c5 4. Bxf6 exf6 5. Nc3 Be6 6. dxc5 Bxc5 7. Nf3 Nc6 8. Qd2 O-O 9. O-O-O Qa5 10. Kb1 Rfd8 11. Nd4 Nxd4 12. exd4 Bb4 13. a3 Bf8 14. Bd3 b5 15. Nxb5 Qb6 16. Ka2 Rab8 17. b3 f5 18. Be2 Rdc8 19. Nc3 Bd7 20. Ra1 a5 21. Nxd5 Qd6 22. Ne3 Qxa3+ 23. Kb1 Rxc2 24. Rxa3 Rxd2 25. Ra2 Rxb3+ 26. Ka1 Ra3 27. Rxa3 Bxa3 28. Bf3 Bb2+ 29. Kb1 Bxd4 30. Nc4 Rd3 31. Be2 Rb3+ 32. Ka2 Rb7 33. Rd1 Bf6 34. Bf3 Rc7 35. Nxa5 g5 36. Kb1 f4 37. Be4 Be6 38. Rc1 Ba2+ 39. Kxa2 Rxc1 40. Kb3 Rf1 41. h3 Rxf2 42. Kc4 h5 43. Bf3 g4 44. hxg4 hxg4 45. Bxg4 Rxg2 46. Bf3 Rg3 47. Bc6 Rc3+ 0-1

[Event "WJCC U20 Open 2019"]
[Site "New Delhi"]
[Date "2019.10.25"]
[Round "11.31"]
[White "Pranav, V."]
[Black "Licheli, Luka"]
[Result "1-0"]
[WhiteElo "2308"]
[BlackElo "2010"]
[Annotator "TA"]
[PlyCount "91"]
[EventDate "2019.10.15"]
[EventType "swiss"]
[EventCountry "IND"]
[SourceTitle "playchess.com"]
[Source "ChessBase"]
[SourceQuality "1"]

1. e4 c6 2. d4 d5 3. e5 c5 4. Nf3 Nc6 5. c4 cxd4 6. Nxd4 Nxe5 7. cxd5 Qxd5 8. Nc3 Qd8 9. Bf4 Ng6 10. Bg3 e5 11. Bb5+ Bd7 12. Qe2 Nf6 13. O-O-O a6 14. Bxe5 Nxe5 15. Qxe5+ Qe7 16. Bxd7+ Nxd7 17. Qc7 Ne5 18. Nd5 Qd6 19. Rhe1 f6 20. Qxd6 Bxd6 21. f4 O-O-O 22. fxe5 Bxe5 23. Nf3 Bd6 24. Re3 h5 25. Kc2 Kb8 26. h3 Rh6 27. Re6 Rg6 28. Rd2 Rg3 29. Kd1 Bc5 30. Ree2 Rh8 31. b4 Bd6 32. Re6 Rd8 33. a3 Bf8 34. Ne3 Rxd2+ 35. Kxd2 Ka7 36. Ke2 a5 37. Kf2 Rg6 38. Nd5 axb4 39. axb4 b5 40. Nf4 Rh6 41. Nd4 Kb7 42. Nd5 h4 43. Rb6+ Kc8 44. Rxb5 Bd6 45. Nf5 Bg3+ 46. Kf3 1-0

[Event "WJCC U20 Open 2019"]
[Site "New Delhi"]
[Date "2019.10.25"]
[Round "11.32"]
[White "Milikow, Yoav"]
[Black "Risting, Eivind Olav"]
[Result "0-1"]
[WhiteElo "2199"]
[BlackElo "2289"]
[Annotator "RC"]
[PlyCount "56"]
[EventDate "2019.10.15"]
[EventType "swiss"]
[EventCountry "IND"]
[SourceTitle "playchess.com"]
[Source "ChessBase"]
[SourceQuality "1"]

1. d4 Nf6 2. c4 e6 3. Nc3 Bb4 4. Qc2 O-O 5. Nf3 d6 6. Bd2 b6 7. e4 c5 8. a3 Bxc3 9. Bxc3 cxd4 10. Nxd4 e5 11. Ne2 Qc7 12. Ng3 h5 13. h4 Nbd7 14. Be2 Nc5 15. O-O Bb7 16. Bf3 g6 17. Rfd1 Ne6 18. Qd2 Rfd8 19. Rac1 Qe7 20. Bb4 Ne8 21. Bxh5 gxh5 22. Rc3 N8g7 23. Nf5 Qf6 24. Bxd6 Nxf5 25. exf5 Nd4 26. Rg3+ Kh7 27. Bxe5 Nf3+ 28. gxf3 Rxd2 0-1

[Event "WJCC U20 Open 2019"]
[Site "New Delhi"]
[Date "2019.10.25"]
[Round "11.33"]
[White "Vatsal Singhania"]
[Black "Vykouk, Jan"]
[Result "0-1"]
[WhiteElo "2157"]
[BlackElo "2468"]
[Annotator "TA"]
[PlyCount "106"]
[EventDate "2019.10.15"]
[EventType "swiss"]
[EventCountry "IND"]
[SourceTitle "playchess.com"]
[Source "ChessBase"]
[SourceQuality "1"]

1. e4 c5 2. Nf3 d6 3. d4 cxd4 4. Nxd4 Nf6 5. Nc3 e6 6. Be2 a6 7. O-O Be7 8. Be3 O-O 9. f4 Qc7 10. Kh1 b5 11. Bf3 Bb7 12. e5 dxe5 13. fxe5 Nfd7 14. Bf4 Nc6 15. Nxc6 Bxc6 16. Qe2 Rac8 17. a3 Nb6 18. Ne4 Bd5 19. Nf6+ Bxf6 20. exf6 Qxc2 21. fxg7 Rfe8 22. Be5 Qxe2 23. Bxe2 Rc2 24. Rae1 Nd7 25. Bc3 f6 26. Bf3 Bc4 27. Rg1 Kxg7 28. Re4 Ne5 29. Bxe5 fxe5 30. b4 Kf6 31. Rge1 Ra2 32. R4e3 Rd8 33. Be4 h5 34. h4 Rd4 35. Rg3 Rf2 36. Rf3+ Rxf3 37. gxf3 Bd5 38. Re3 Rd2 39. Kg1 Ra2 40. Bh7 Kg7 41. Be4 Bxe4 42. fxe4 Kf6 43. Rf3+ Ke7 44. Re3 Rc2 45. Rg3 Re2 46. Rg5 Rxe4 47. Rxh5 Re3 48. Kf2 Rxa3 49. Rxe5 Ra4 50. Re4 a5 51. h5 Rxb4 52. Re3 Rh4 53. Re5 Rf4+ 0-1

[Event "WJCC U20 Open 2019"]
[Site "New Delhi"]
[Date "2019.10.25"]
[Round "11.34"]
[White "Hollan, Martin"]
[Black "Tifferet, Shaked"]
[Result "1/2-1/2"]
[WhiteElo "2403"]
[BlackElo "2224"]
[Annotator "TA"]
[PlyCount "221"]
[EventDate "2019.10.15"]
[EventType "swiss"]
[EventCountry "IND"]
[SourceTitle "playchess.com"]
[Source "ChessBase"]
[SourceQuality "1"]

1. c4 Nf6 2. Nc3 e6 3. e3 b6 4. Nf3 Bb7 5. b3 c5 6. Bb2 Be7 7. Qc2 O-O 8. O-O-O Nc6 9. d4 a5 10. a3 cxd4 11. Nxd4 Bc5 12. Rg1 Qe7 13. Ndb5 a4 14. b4 Nxb4 15. axb4 Bxb4 16. Nxa4 d5 17. Nac3 dxc4 18. Rd4 Rfc8 19. Rxc4 Ba6 20. Kb1 Rxc4 21. Bxc4 Rc8 22. Qa4 Bxb5 23. Qxb5 Bxc3 24. Bxc3 Ne4 25. Bb4 Qf6 26. f3 Ra8 27. Ba2 Nc5 28. Bxc5 bxc5 29. Qb2 Qd8 30. Ka1 Qd3 31. e4 g6 32. Rc1 Qe3 33. Rd1 h5 34. Qd2 Qb3 35. Rc1 Qa3 36. Rc3 Qa5 37. Rd3 Qc7 38. f4 c4 39. Rd7 Qb6 40. Rd4 Qc7 41. g3 c3 42. Qc2 Qc5 43. Rd1 Rb8 44. Rc1 Rc8 45. f5 gxf5 46. exf5 Qxf5 47. Qxf5 exf5 48. Bb3 Kg7 49. Kb1 h4 50. gxh4 Rh8 51. Rxc3 Rxh4 52. h3 Re4 53. Kc2 f4 54. Rc7 Re2+ 55. Kd1 Re3 56. Bc4 Rxh3 57. Rxf7+ Kg6 58. Rxf4 Kg5 59. Rf8 Rh4 60. Be2 Rd4+ 61. Ke1 Re4 62. Rg8+ Kf6 63. Kf2 Ke5 64. Bf3 Rb4 65. Rg5+ Kd4 66. Rd5+ Kc4 67. Rd8 Kc5 68. Ke3 Rb3+ 69. Kf4 Rc3 70. Rd5+ Kc4 71. Rh5 Kd4 72. Be4 Rc5 73. Rh1 Rc3 74. Rd1+ Kc4 75. Ke5 Rh3 76. Bd5+ Kc3 77. Ra1 Rh5+ 78. Kd6 Kd4 79. Ra4+ Ke3 80. Kc5 Rh2 81. Ra3+ Kf4 82. Ra4+ Ke5 83. Re4+ Kf5 84. Re8 Rh4 85. Be6+ Ke5 86. Bd7+ Kf4 87. Kd4 Kf3+ 88. Kd3 Kf4 89. Re4+ Kg3 90. Re5 Rb4 91. Rg5+ Kf3 92. Be6 Rb6 93. Bd5+ Kf4 94. Rg1 Ke5 95. Kc4 Ra6 96. Re1+ Kf4 97. Kd4 Ra4+ 98. Bc4 Ra3 99. Re8 Ra5 100. Re4+ Kf5 101. Re1 Kf6 102. Re8 Ra1 103. Rf8+ Ke7 104. Rf7+ Kd6 105. Rf6+ Ke7 106. Rh6 Rd1+ 107. Kc5 Rd2 108. Re6+ Kd7 109. Re4 Rc2 110. Re2 Rxe2 111. Bxe2 1/2-1/2

[Event "WJCC U20 Open 2019"]
[Site "New Delhi"]
[Date "2019.10.25"]
[Round "11.35"]
[White "Maltezeanu, Stefan"]
[Black "Amartuvshin, Ganzorig"]
[Result "1/2-1/2"]
[WhiteElo "2102"]
[BlackElo "2391"]
[Annotator "TA"]
[PlyCount "99"]
[EventDate "2019.10.15"]
[EventType "swiss"]
[EventCountry "IND"]
[SourceTitle "playchess.com"]
[Source "ChessBase"]
[SourceQuality "1"]

1. d4 Nf6 2. c4 g6 3. Nc3 Bg7 4. e4 d6 5. Nf3 O-O 6. Be2 Na6 7. O-O e5 8. Be3 Ng4 9. Bg5 Qe8 10. dxe5 dxe5 11. b3 f6 12. Bc1 c6 13. Ba3 Rf7 14. Nd2 Nh6 15. c5 Nc7 16. Bc4 Be6 17. Bxe6 Nxe6 18. Nc4 Bf8 19. Qc1 Rd7 20. Rd1 Nf7 21. Rxd7 Qxd7 22. Qe3 Rd8 23. f3 Bh6 24. Qf2 Qd3 25. Bb4 Nf4 26. h4 Qd4 27. Qxd4 Rxd4 28. Kf1 Bf8 29. Ne2 Nxe2 30. Kxe2 Nd8 31. Bc3 Rd7 32. b4 Ne6 33. g3 Nd4+ 34. Bxd4 Rxd4 35. Rc1 a5 36. b5 cxb5 37. Nxa5 Rd7 38. Rb1 Bxc5 39. Rxb5 b6 40. a4 Ra7 41. Nb3 Be7 42. a5 bxa5 43. Nxa5 Kf7 44. f4 exf4 45. gxf4 Rc7 46. Rb7 Rc5 47. Nb3 Rh5 48. Nd4 Kf8 49. Rb8+ Kf7 50. Rb7 1/2-1/2

[Event "WJCC U20 Open 2019"]
[Site "New Delhi"]
[Date "2019.10.25"]
[Round "11.36"]
[White "Cansun, Can Alp"]
[Black "Rakesh Kumar Jena"]
[Result "1/2-1/2"]
[WhiteElo "2199"]
[BlackElo "2355"]
[Annotator "RC"]
[PlyCount "70"]
[EventDate "2019.10.15"]
[EventType "swiss"]
[EventCountry "IND"]
[SourceTitle "playchess.com"]
[Source "ChessBase"]
[SourceQuality "1"]

1. e4 c5 2. Nf3 Nc6 3. d4 cxd4 4. Nxd4 Nf6 5. Nc3 d6 6. Bg5 e6 7. Qd2 Be7 8. O-O-O a6 9. f3 O-O 10. h4 Bd7 11. g4 Ne5 12. Bxf6 Bxf6 13. g5 Be7 14. f4 Nc6 15. Bh3 Nxd4 16. Qxd4 Qa5 17. f5 Rfd8 18. Kb1 Rac8 19. fxe6 fxe6 20. Rhe1 Bf8 21. Qd3 Qe5 22. Ne2 g6 23. Nd4 Bg7 24. Qb3 Re8 25. Qxb7 Red8 26. Qb3 Rb8 27. Qd3 Rf8 28. c3 a5 29. Re2 a4 30. Qc4 Rfe8 31. Qc7 Red8 32. Qc4 Re8 33. Qc7 Red8 34. Qc4 Re8 35. Qc7 Red8 1/2-1/2

[Event "WJCC U20 Open 2019"]
[Site "New Delhi"]
[Date "2019.10.25"]
[Round "11.37"]
[White "Sterck, Arno"]
[Black "Li, William"]
[Result "0-1"]
[WhiteElo "2331"]
[BlackElo "2161"]
[Annotator "TA"]
[PlyCount "100"]
[EventDate "2019.10.15"]
[EventType "swiss"]
[EventCountry "IND"]
[SourceTitle "playchess.com"]
[Source "ChessBase"]
[SourceQuality "1"]

1. d4 Nf6 2. c4 e6 3. g3 c5 4. d5 exd5 5. cxd5 b5 6. e4 Nxe4 7. Bg2 Nd6 8. Bf4 Be7 9. Nf3 O-O 10. O-O Nc4 11. d6 Bf6 12. Nbd2 Nxd2 13. Nxd2 Nc6 14. Bxc6 dxc6 15. Qf3 Qb6 16. Rad1 Be6 17. Ne4 Bxb2 18. Qh5 Bd5 19. Rxd5 cxd5 20. Qxd5 Bd4 21. Rd1 Rab8 22. Bg5 Qb7 23. Qf5 f6 24. Bf4 g6 25. Qe6+ Qf7 26. Qh3 Qd5 27. Qg2 Kh8 28. Be3 Rbe8 29. Nxc5 Qxc5 30. Rxd4 Qxd4 31. Bxd4 Re1+ 32. Qf1 Rxf1+ 33. Kxf1 Kg7 34. Bxa7 Kf7 35. Bc5 Re8 36. Bb4 Re4 37. a3 Ke6 38. f3 Re3 39. Kf2 Rb3 40. h4 h5 41. Ke2 Rb2+ 42. Ke3 Rg2 43. Kf4 f5 44. Bc5 Kd7 45. Bb4 Kc6 46. Be1 Kxd6 47. Kg5 Ke6 48. Kxg6 f4 49. Kxh5 Rxg3 50. Bb4 Ke5 0-1

[Event "WJCC U20 Open 2019"]
[Site "New Delhi"]
[Date "2019.10.25"]
[Round "11.38"]
[White "Eugene, Floryan"]
[Black "Flores Quillas, Diego Saul Rodri"]
[Result "1-0"]
[WhiteElo "2346"]
[BlackElo "2164"]
[Annotator "TA"]
[PlyCount "47"]
[EventDate "2019.10.15"]
[EventType "swiss"]
[EventCountry "IND"]
[SourceTitle "playchess.com"]
[Source "ChessBase"]
[SourceQuality "1"]

1. d4 Nf6 2. Nf3 c5 3. d5 e6 4. Nc3 exd5 5. Nxd5 Nxd5 6. Qxd5 Be7 7. Bf4 O-O 8. O-O-O d6 9. Bxd6 Bxd6 10. Qxd6 Qa5 11. a3 Nc6 12. Qd2 Qa4 13. Qc3 Be6 14. e3 Rac8 15. Bd3 Nb4 16. Bc4 Na2+ 17. Bxa2 Bxa2 18. Ne5 Be6 19. Nd3 Qe4 20. Nf4 b5 21. f3 Qc6 22. Qe5 b4 23. Rd6 Qb5 24. Nh5 1-0

[Event "WJCC U20 Open 2019"]
[Site "New Delhi"]
[Date "2019.10.25"]
[Round "11.39"]
[White "Hamad Essam"]
[Black "O`Donnell, Conor"]
[Result "0-1"]
[WhiteElo "1849"]
[BlackElo "2345"]
[Annotator "RC"]
[PlyCount "90"]
[EventDate "2019.10.15"]
[EventType "swiss"]
[EventCountry "IND"]
[SourceTitle "playchess.com"]
[Source "ChessBase"]
[SourceQuality "1"]

1. e4 d6 2. d4 Nf6 3. Nc3 e5 4. Nf3 Nbd7 5. Bc4 Be7 6. O-O O-O 7. h3 a6 8. a4 b6 9. Qe2 c6 10. d5 cxd5 11. Nxd5 Bb7 12. Rd1 h6 13. Nxf6+ Nxf6 14. Nxe5 Bxe4 15. Ra3 Qc7 16. Rg3 dxe5 17. Bxh6 g6 18. Bxf8 Kxf8 19. Rc3 Bc6 20. Bxa6 Bb4 21. Rc4 Rxa6 22. Rxb4 Rxa4 23. Qc4 Ra8 24. Rb3 Kg7 25. Rc3 Rc8 26. Qb4 Qb7 27. Qb3 Bd5 28. Qb4 Rxc3 29. Qxc3 Bxg2 30. Qg3 Bf3 31. Rd3 e4 32. Rd6 Qa6 33. Qe5 Qa1+ 34. Kh2 Qh1+ 35. Kg3 Qg1+ 36. Kh4 Qxf2+ 37. Kg5 Qg1+ 38. Kh4 g5+ 39. Qxg5+ Qxg5+ 40. Kxg5 e3 41. Rd3 e2 42. Re3 Nd5 43. Re8 f6+ 44. Kf5 Kf7 45. Re6 Ne7+ 0-1

[Event "WJCC U20 Open 2019"]
[Site "New Delhi"]
[Date "2019.10.25"]
[Round "11.40"]
[White "Kukelko, Alexey"]
[Black "Zrikem, Nassim"]
[Result "1-0"]
[WhiteElo "2342"]
[BlackElo "2125"]
[Annotator "TA"]
[PlyCount "102"]
[EventDate "2019.10.15"]
[EventType "swiss"]
[EventCountry "IND"]
[SourceTitle "playchess.com"]
[Source "ChessBase"]
[SourceQuality "1"]

1. e4 e5 2. Nf3 Nc6 3. Bc4 Nf6 4. Ng5 d5 5. exd5 Na5 6. Bb5+ c6 7. dxc6 bxc6 8. Bd3 Ng4 9. Ne4 f5 10. Be2 h5 11. h3 fxe4 12. hxg4 Bc5 13. b4 Qd4 14. bxc5 O-O 15. O-O Qxa1 16. Nc3 e3 17. gxh5 exf2+ 18. Rxf2 Rxf2 19. Kxf2 Be6 20. Ba3 Qxd1 21. Bxd1 Rf8+ 22. Ke1 Rf4 23. d3 Rh4 24. Bf3 Bd7 25. Ne4 Nb7 26. g3 Rh3 27. Kf1 Be8 28. Bg4 Rh2 29. Nd6 Nxd6 30. cxd6 Rxc2 31. d7 Bxd7 32. Bxd7 Rc3 33. Be6+ Kh8 34. Be7 Rxd3 35. g4 Rd2 36. g5 Rh2 37. Bf7 Kh7 38. Bc5 a6 39. Be3 Rb2 40. Bf2 Rb7 41. Ke2 Kh8 42. Bb3 Kh7 43. Kf3 Rb4 44. Bg3 c5 45. Bxe5 c4 46. Bc2+ Kg8 47. h6 gxh6 48. gxh6 Rb7 49. Kf4 Rf7+ 50. Kg5 Re7 51. Bf6 Rc7 1-0

[Event "WJCC U20 Open 2019"]
[Site "New Delhi"]
[Date "2019.10.25"]
[Round "11.41"]
[White "Davis, Holden"]
[Black "Papadiamandis, Elliot"]
[Result "1/2-1/2"]
[WhiteElo "1817"]
[BlackElo "2190"]
[Annotator "RC"]
[PlyCount "89"]
[EventDate "2019.10.15"]
[EventType "swiss"]
[EventCountry "IND"]
[SourceTitle "playchess.com"]
[Source "ChessBase"]
[SourceQuality "1"]

1. e4 c5 2. d4 cxd4 3. c3 Nf6 4. e5 Nd5 5. Nf3 e6 6. cxd4 d6 7. a3 Be7 8. Bd3 Nd7 9. O-O Qc7 10. Re1 b6 11. Bd2 Bb7 12. Nc3 Nxc3 13. Bxc3 dxe5 14. dxe5 O-O 15. Rc1 Rac8 16. Qe2 Rfd8 17. Bd2 Nc5 18. Bb1 Qd7 19. Bc3 Ba6 20. Qe3 Nd3 21. Bxd3 Qxd3 22. Qxd3 Bxd3 23. Rcd1 Bc5 24. Rd2 Rd5 25. Red1 Bc4 26. Rxd5 Bxd5 27. Nd4 a6 28. h3 Kf8 29. Kh2 Ke7 30. Kg3 Bb7 31. b4 Bxd4 32. Bxd4 Bd5 33. f3 b5 34. Bc5+ Kd7 35. Kf4 a5 36. Ke3 axb4 37. axb4 Ra8 38. Rd2 Ra1 39. Bf8 g6 40. Kf4 Ra8 41. Bc5 h6 42. h4 Ke8 43. Rc2 Bc4 44. Rd2 Bd5 45. Rc2 1/2-1/2

[Event "WJCC U20 Open 2019"]
[Site "New Delhi"]
[Date "2019.10.25"]
[Round "11.42"]
[White "Jablonicky, Martin"]
[Black "Swarnavo Choudhury"]
[Result "1/2-1/2"]
[WhiteElo "2333"]
[BlackElo "1797"]
[Annotator "RC"]
[PlyCount "73"]
[EventDate "2019.10.15"]
[EventType "swiss"]
[EventCountry "IND"]
[SourceTitle "playchess.com"]
[Source "ChessBase"]
[SourceQuality "1"]

1. Nf3 Nf6 2. g3 g6 3. Bg2 Bg7 4. O-O O-O 5. c4 c6 6. d3 d5 7. Na3 Nbd7 8. Rb1 e5 9. b4 a6 10. Qc2 b5 11. e4 bxc4 12. exd5 cxd3 13. Qxc6 Rb8 14. d6 Bb7 15. Qc7 Qxc7 16. dxc7 Rbc8 17. Nc4 e4 18. Ng5 Rxc7 19. Nd6 Bd5 20. Bf4 Bxa2 21. Ndxe4 Bxb1 22. Bxc7 Nxe4 23. Bxe4 Bc2 24. Bd6 Rc8 25. Bd5 d2 26. Nxf7 d1=Q 27. Rxd1 Bxd1 28. Ne5+ Kh8 29. Nxd7 Ba4 30. Ne5 Rc1+ 31. Kg2 Be8 32. Bc4 Rd1 33. Bc7 Rc1 34. Bd6 Rd1 35. Bc7 Rc1 36. Bb8 Rb1 37. Bd6 1/2-1/2

[Event "WJCC U20 Open 2019"]
[Site "New Delhi"]
[Date "2019.10.25"]
[Round "11.43"]
[White "De Silva, L M S T"]
[Black "Sivathanujan, S."]
[Result "1-0"]
[WhiteElo "1879"]
[BlackElo "1766"]
[Annotator "NA"]
[PlyCount "71"]
[EventDate "2019.10.15"]
[EventType "swiss"]
[EventCountry "IND"]
[SourceTitle "playchess.com"]
[Source "ChessBase"]
[SourceQuality "1"]

1. e4 c5 2. Nf3 e6 3. d4 cxd4 4. Nxd4 a6 5. Be2 Qc7 6. O-O Nf6 7. Nc3 Nc6 8. Be3 b5 9. a3 Bb7 10. f4 Rc8 11. Nb3 d6 12. Bf3 Ne7 13. Qe1 d5 14. e5 Ne4 15. Bxe4 dxe4 16. Nd4 Nf5 17. Nxf5 exf5 18. Ne2 Bc5 19. Nd4 Bxd4 20. Bxd4 O-O 21. c3 Rfe8 22. Qe3 Qc6 23. h3 Qe6 24. Kh2 Rcd8 25. Rf2 h5 26. g4 hxg4 27. hxg4 f6 28. exf6 gxf6 29. Qh3 Bc8 30. Rg1 fxg4 31. f5 Qd6+ 32. Kh1 Rd7 33. Rxg4+ Kf8 34. Qh8+ Ke7 35. Rxe4+ Kd8 36. Rxe8+ 1-0

[Event "WJCC U20 Open 2019"]
[Site "New Delhi"]
[Date "2019.10.25"]
[Round "11.44"]
[White "Aravena Navarro, Alexis Andres"]
[Black "Mohd Saprin, Amir Ghaazi"]
[Result "1/2-1/2"]
[WhiteElo "2023"]
[BlackElo "1942"]
[Annotator "NA"]
[PlyCount "94"]
[EventDate "2019.10.15"]
[EventType "swiss"]
[EventCountry "IND"]
[SourceTitle "playchess.com"]
[Source "ChessBase"]
[SourceQuality "1"]

1. e4 e5 2. Nf3 Nc6 3. Bc4 Bc5 4. O-O Nf6 5. d4 Bxd4 6. Nxd4 Nxd4 7. f4 d6 8. fxe5 dxe5 9. Bg5 Be6 10. Na3 Qe7 11. c3 Bxc4 12. Nxc4 Ne6 13. Bxf6 gxf6 14. Ne3 Qc5 15. Qe1 O-O-O 16. Kh1 Nf4 17. g3 Nd3 18. Qe2 Kb8 19. Rf3 Qc6 20. Nd5 Nc5 21. Rxf6 Rd6 22. Raf1 Nxe4 23. Qxe4 Qxd5 24. Qxd5 Rxd5 25. Rxf7 a6 26. Kg2 Rhd8 27. h4 Ka7 28. Rxh7 Rd2+ 29. Rf2 Rxf2+ 30. Kxf2 Rd2+ 31. Kf3 Rxb2 32. g4 Rxa2 33. g5 Ra1 34. Rxc7 a5 35. g6 Rg1 36. h5 a4 37. Rd7 a3 38. Rd2 Rg5 39. Ra2 Rxh5 40. Rg2 Rh8 41. Ke4 Rg8 42. Kf5 Kb6 43. Ra2 Kb5 44. Rxa3 Kc4 45. Ra7 Kxc3 46. Rxb7 e4 47. Re7 Kd3 1/2-1/2

[Event "WJCC U20 Open 2019"]
[Site "New Delhi"]
[Date "2019.10.25"]
[Round "11.45"]
[White "Dahanayake, Isara Banidu"]
[Black "Lama, Milan"]
[Result "0-1"]
[WhiteElo "1771"]
[BlackElo "1976"]
[Annotator "NA RC"]
[PlyCount "198"]
[EventDate "2019.10.15"]
[EventType "swiss"]
[EventCountry "IND"]
[SourceTitle "playchess.com"]
[Source "ChessBase"]
[SourceQuality "1"]

1. e4 c5 2. Nf3 g6 3. d4 cxd4 4. Nxd4 Bg7 5. c4 Nc6 6. Be3 Nf6 7. Nc3 d6 8. Be2 O-O 9. O-O Bd7 10. Qd2 Nxd4 11. Bxd4 Bc6 12. f3 a5 13. b3 Nd7 14. Be3 Nc5 15. Rab1 e6 16. Rbd1 Be5 17. Bd4 Qe7 18. f4 Bxd4+ 19. Qxd4 Rfd8 20. Qe3 e5 21. f5 f6 22. Rf3 g5 23. Bd3 Qc7 24. Kh1 Qb6 25. Rb1 Qb4 26. Qc1 a4 27. a3 Nxd3 28. Rxd3 Qc5 29. Nd5 Bxd5 30. cxd5 Rdc8 31. Qxc5 Rxc5 32. h3 b5 33. bxa4 Rxa4 34. Rdb3 Rxe4 35. Rxb5 Re1+ 36. Kh2 Rxb1 37. Rxb1 Rxd5 38. Rb8+ Kf7 39. Rb7+ Kf8 40. Rxh7 Ra5 41. Kg3 Rxa3+ 42. Kg4 Ra4+ 43. Kf3 Rf4+ 44. Ke3 d5 45. g4 Ra4 46. Rd7 Ra3+ 47. Kf2 Rd3 48. Rd6 Ke7 49. Re6+ Kf7 50. Rd6 e4 51. Rd7+ Ke8 52. Rd6 Ke7 53. Re6+ Kf7 54. Rd6 d4 55. Re6 Rf3+ 56. Kg2 Rf4 57. Kg3 d3 58. Rd6 Rf3+ 59. Kg2 Re3 60. Rd4 Re2+ 61. Kf1 Ke7 62. Rd5 Rc2 63. Rd4 Kf8 64. Ke1 Re2+ 65. Kd1 Ke7 66. Kc1 Kf7 67. Kd1 Kg7 68. Rd7+ Kh6 69. Rd4 Kg7 70. Rd7+ Kf8 71. Rd4 Ke7 72. Kc1 Re3 73. Kd2 Rxh3 74. Rxe4+ Kd6 75. Re6+ Kd5 76. Rxf6 Ke4 77. Rd6 Rh2+ 78. Kc1 Ke3 79. f6 Rf2 80. Rd5 Rxf6 81. Re5+ Kf4 82. Rd5 Kxg4 83. Rxd3 Re6 84. Kd1 Kh4 85. Ra3 g4 86. Ra4 Kh3 87. Ra8 g3 88. Rh8+ Kg2 89. Rf8 Kg1 90. Rg8 g2 91. Rh8 Re4 92. Kd2 Kf2 93. Rf8+ Kg3 94. Rg8+ Rg4 95. Rxg4+ Kxg4 96. Kd3 g1=Q 97. Kc4 Kf4 98. Kb5 Ke5 99. Ka6 Qb1 0-1